[Event "IX EICC"]
[Site "Plovdiv BUL"]
[Date "2008.04.26"]
[Round "6"]
[White "Areshchenko,A"]
[Black "Azarov,S"]
[Result "1/2-1/2"]
[WhiteElo "2650"]
[BlackElo "2585"]
[EventDate "2008.04.21"]

1. e4 e5 2. Nf3 Nc6 3. Bc4 Bc5 4. c3 Nf6 5. d3 a6 6. O-O d6 7. Bb3 Ba7 8.
Re1 O-O 9. h3 h6 10. Nbd2 Be6 11. Bc2 Re8 12. Nh2 d5 13. Qf3 d4 14. Ndf1
Qe7 15. Ng3 Rad8 16. c4 b5 17. cxb5 Nb4 18. Bb1 axb5 19. a3 Na6 20. Nf5
Bxf5 21. Qxf5 Nc5 22. Bc2 Nb7 23. Qf3 c5 24. a4 b4 25. Nf1 c4 26. dxc4 Nc5
27. Bd3 Nb3 28. Rb1 Nd7 29. Ng3 Nxc1 30. Rexc1 Nc5 31. b3 Bb6 32. Re1 Qg5
33. Red1 g6 34. Qg4 Kg7 35. Qxg5 hxg5 36. f3 Rd6 37. Kf2 f6 38. Ke2 Rh8 39.
Kd2 Rdd8 40. Kc2 Ra8 41. Ra1 Ra7 42. Nh1 Kf7 43. Nf2 Ke7 44. Bf1 Ra5 45.
Nd3 Nxd3 46. Bxd3 Bc5 47. Rh1 Ra7 48. Kd2 Ke6 49. Ke2 Kd6 50. Kf2 Ke6 51.
g3 Rah7 52. Kg2 Kd6 53. Raf1 Ke6 54. Rh2 Rh6 55. Rfh1 Kf7 56. h4 Ke7 57. a5
Kd6 58. a6 R6h7 59. Ra1 Bb6 60. Ra2 gxh4 61. Rxh4 g5 62. Rxh7 Rxh7 63. f4
gxf4 64. gxf4 Bc5 65. Rf2 Rg7+ 66. Kf3 Rg1 67. Ra2 Rg7 68. Rh2 exf4 69.
Kxf4 Kc6 70. Ra2 Bb6 71. Be2 Ba7 72. Ra4 Rg2 73. Kf3 Rg1 74. Rxb4 Ra1 75.
Ra4 Rxa4 76. bxa4 Kd6 77. Kf4 Ke7 78. Kf5 Bb6 79. Bg4 d3 80. Kf4 Kd6 81.
Bd1 Bc5 82. Bf3 Ba7 83. Bg4 Bd4 84. Kf5 Ke7 85. Bh3 Ba7 86. Bf1 d2 87. Be2
Bd4 88. Bd1 Ba7 89. Bb3 Bc5 90. Bd1 Ba7 91. Bc2 Bb6 92. Kf4 Kd6 93. Bb3 Ba7
94. Kf3 Ke5 95. Bc2 Bc5 96. Kg4 d1=Q+ 97. Bxd1 Kxe4 98. Bf3+ Ke5 99. Kh5
Ba7 100. Kg6 Ke6 101. a5 Bc5 102. Bg4+ Ke7 103. Kf5 Ba7 104. Ke4 Kd6
1/2-1/2

[Event "IX EICC"]
[Site "Plovdiv BUL"]
[Date "2008.04.26"]
[Round "6"]
[White "Riazantsev,A"]
[Black "Perunovic,Mil"]
[Result "1/2-1/2"]
[WhiteElo "2638"]
[BlackElo "2579"]
[EventDate "2008.04.21"]

1. d4 Nf6 2. c4 e6 3. Nf3 d5 4. Nc3 dxc4 5. e4 Bb4 6. Bg5 c5 7. e5 cxd4 8.
Qa4+ Nc6 9. O-O-O Bd7 10. Ne4 Be7 11. exf6 gxf6 12. Bh4 a6 13. Qxc4 e5 14.
Nxe5 Nxe5 15. Qxd4 Qc7+ 16. Kb1 Rc8 17. Be2 Bf5 18. Ka1 Rd8 19. Qe3 Rxd1+
20. Rxd1 Bxe4 21. Qxe4 O-O 22. Bg3 Rd8 23. Rxd8+ Qxd8 24. f4 Ng6 25. Bd3
Qb6 26. a3 f5 27. Qxf5 Bf6 28. Qc8+ Kg7 29. Qc2 Qe3 30. Ka2 Nxf4 31. Bc4 b5
32. Bxf7 Kxf7 33. Qc7+ Kg6 34. Qxf4 Qe6+ 35. Kb1 Qe2 36. Qf2 Qd1+ 37. Ka2
Qd5+ 38. Kb1 Qd1+ 39. Ka2 Qd5+ 40. Kb1 Qd1+ 1/2-1/2

[Event "IX EICC"]
[Site "Plovdiv BUL"]
[Date "2008.04.26"]
[Round "6"]
[White "Kotanjian,T"]
[Black "Guseinov,G"]
[Result "1/2-1/2"]
[WhiteElo "2570"]
[BlackElo "2625"]
[EventDate "2008.04.21"]

1. d4 Nf6 2. c4 g6 3. Nc3 d5 4. Nf3 Bg7 5. e3 O-O 6. b4 c6 7. Bb2 Bf5 8.
Be2 Ne4 9. O-O Nxc3 10. Bxc3 Bg4 11. Qb3 dxc4 12. Qxc4 Nd7 13. h3 Bxf3 14.
Bxf3 e5 15. Rad1 Qc7 16. dxe5 Nxe5 17. Bxe5 Bxe5 18. b5 Rad8 19. bxc6 bxc6
20. Qxc6 Rxd1 21. Rxd1 Rd8 22. Rxd8+ Qxd8 23. g3 Kg7 24. Kg2 Qc7 25. Qe4
Qc5 26. h4 h5 27. Bd1 Bc7 28. Bb3 Be5 29. Qb7 Bc7 30. Qf3 Qf5 31. Qc6 Ba5
32. e4 Qf6 33. Qd5 Bb6 34. f4 Qe7 35. e5 a5 36. Kf3 Bc5 37. Qe4 Bb4 38. Qc6
Be1 39. Qb6 Bb4 40. Bd5 Be1 41. a3 Qd7 42. Qf6+ Kf8 43. Qd6+ Qe7 44. Bc4
Bc3 45. Ke2 Qxd6 46. exd6 Bd4 47. Kf3 f5 48. a4 Bc5 49. d7 Bb6 50. Ke2 Ke7
51. Bb3 Kf8 52. Kd3 Ke7 53. Ke2 Kf8 54. Be6 Ke7 55. Bd5 Kf8 1/2-1/2

[Event "IX EICC"]
[Site "Plovdiv BUL"]
[Date "2008.04.26"]
[Round "6"]
[White "Dizdar,G"]
[Black "Fedorov,Alex"]
[Result "1/2-1/2"]
[WhiteElo "2548"]
[BlackElo "2603"]
[EventDate "2008.04.21"]

1. d4 Nf6 2. Nf3 g6 3. c4 Bg7 4. g3 O-O 5. Bg2 c5 6. O-O Nc6 7. Nc3 d6 8.
d5 Na5 9. Nd2 e5 10. e4 Ne8 11. b3 f5 12. exf5 gxf5 13. Bb2 Bd7 14. Qc2 a6
15. Rae1 b5 16. Nd1 f4 17. Kh1 bxc4 18. bxc4 Bh6 19. Rg1 fxg3 20. Bf1 g2+
21. Rxg2+ Kh8 22. Ne4 Nb7 23. Qc3 Bf4 24. Qf3 Ng7 25. Qe2 Qh4 26. f3 Bh3
27. Rg1 Bf5 28. Qf2 Qh6 29. Ne3 Rf7 30. Ng4 Bxg4 31. fxg4 Raf8 32. Qg2 Qh4
33. Bd3 1/2-1/2

[Event "IX EICC"]
[Site "Plovdiv BUL"]
[Date "2008.04.26"]
[Round "6"]
[White "L'Ami,E"]
[Black "Sanikidze,T"]
[Result "1/2-1/2"]
[WhiteElo "2600"]
[BlackElo "2458"]
[EventDate "2008.04.21"]

1. d4 d5 2. c4 e6 3. Nc3 Be7 4. Bf4 Nf6 5. e3 c5 6. dxc5 Bxc5 7. Nf3 Nc6 8.
a3 O-O 9. cxd5 exd5 10. Be2 a6 11. Ne5 d4 12. Nxc6 bxc6 13. exd4 Bxd4 14.
O-O c5 15. Bf3 Ra7 16. Rc1 Bb7 17. Na4 Bxf3 18. Qxf3 Qa5 19. b3 Re8 20. Bd6
Ne4 21. Bxc5 Nxc5 22. Nxc5 Bxc5 23. Qc6 Re5 1/2-1/2

[Event "IX EICC"]
[Site "Plovdiv BUL"]
[Date "2008.04.26"]
[Round "6"]
[White "Balogh,C"]
[Black "Fedorchuk,S"]
[Result "1-0"]
[WhiteElo "2559"]
[BlackElo "2671"]
[EventDate "2008.04.21"]

1. e4 e5 2. Nf3 Nc6 3. Bb5 a6 4. Ba4 Nf6 5. O-O b5 6. Bb3 Bc5 7. c3 d6 8.
a4 Bb7 9. d4 Bb6 10. Bg5 h6 11. Bxf6 Qxf6 12. Bd5 O-O 13. dxe5 dxe5 14. Qe2
bxa4 15. Nbd2 a5 16. Qd1 Rab8 17. Qxa4 Ne7 18. Bxb7 Rxb7 19. Nc4 Ng6 20.
Qd7 Rd8 21. Qf5 Qxf5 22. exf5 Ne7 23. Rfd1 Rxd1+ 24. Rxd1 Nxf5 25. Rd8+ Kh7
26. Nfxe5 Nd6 27. Ra8 f6 28. Nxd6 cxd6 29. Nd3 Kg6 30. Kf1 Kf7 31. Ke2 f5
32. h4 g6 33. Kd2 g5 34. h5 g4 35. f3 g3 36. Nf4 Ba7 37. Kc2 Bb6 38. Rh8
Kg7 39. Re8 Kf7 40. Re6 Rb8 41. Rxd6 Be3 42. Nd5 Re8 43. Rf6+ Kg7 44. Rg6+
Kf7 45. Nxe3 Rxe3 46. Rxg3 Re5 47. Rg6 f4 48. Rxh6 Re2+ 49. Kb3 Rxg2 50.
Rg6 Rg3 51. Ka4 Rxf3 52. Rg4 Rf2 53. h6 Rxb2 54. Rxf4+ Kg6 55. Rh4 Ra2+ 56.
Kb3 1-0

[Event "IX EICC"]
[Site "Plovdiv BUL"]
[Date "2008.04.26"]
[Round "6"]
[White "Marin,Mi"]
[Black "Fressinet,L"]
[Result "1/2-1/2"]
[WhiteElo "2556"]
[BlackElo "2656"]
[EventDate "2008.04.21"]

1. c4 Nf6 2. Nc3 e5 3. Nf3 Nc6 4. g3 Bb4 5. Nd5 e4 6. Nh4 O-O 7. Bg2 Re8 8.
O-O Bc5 9. e3 g5 10. Nf5 d6 11. f3 Nxd5 12. cxd5 Bxf5 13. fxe4 Bxe4 14.
Bxe4 Rxe4 15. Qc2 Qe8 16. dxc6 Qxc6 17. Qc3 d5 18. Rf5 h6 19. Rf6 Re6 20.
Rxe6 fxe6 21. b3 Bf8 22. Qxc6 bxc6 23. Bb2 a5 24. Rc1 Ra6 25. g4 a4 26. Kf2
Bd6 27. h3 c5 28. Ke2 e5 29. e4 c6 30. Kd3 Rb6 31. Kc2 Kf7 32. d3 Ke6 33.
Bc3 Ra6 34. Bb2 Ra8 35. Rf1 h5 36. Rf5 hxg4 37. hxg4 Rh8 38. Bc1 Rh2+ 39.
Kb1 axb3 40. axb3 dxe4 41. dxe4 Re2 42. Rxg5 Rxe4 43. Rg6+ Kd5 44. g5 Rg4
45. Rg8 e4 46. Rd8 Ke6 47. Kc2 Be5 48. Be3 Rg3 49. Kd2 Rg2+ 50. Kd1 Rg3 51.
Re8+ Kf5 52. Rf8+ Kg4 53. Ke2 Rg2+ 1/2-1/2

[Event "IX EICC"]
[Site "Plovdiv BUL"]
[Date "2008.04.26"]
[Round "6"]
[White "Gajewski,G"]
[Black "Bosiocic,Mari"]
[Result "1/2-1/2"]
[WhiteElo "2601"]
[BlackElo "2503"]
[EventDate "2008.04.21"]

1. c4 c5 2. g3 Nc6 3. Bg2 g6 4. Nc3 Bg7 5. e3 d6 6. Nge2 Nf6 7. O-O O-O 8.
d3 Be6 9. Nd5 Qd7 10. Nec3 Bh3 11. Nxf6+ Bxf6 12. Nd5 Rad8 13. Bxh3 Qxh3
14. f4 1/2-1/2

[Event "IX EICC"]
[Site "Plovdiv BUL"]
[Date "2008.04.26"]
[Round "6"]
[White "Atalik,S"]
[Black "Vokarev,S"]
[Result "1/2-1/2"]
[WhiteElo "2592"]
[BlackElo "2502"]
[EventDate "2008.04.21"]

1. c4 e5 2. Nc3 Nf6 3. Nf3 Nc6 4. g3 d5 5. cxd5 Nxd5 6. Bg2 Nb6 7. O-O Be7
8. a3 O-O 9. b4 Be6 10. d3 a5 11. b5 Nd4 12. Bb2 f6 13. Nxd4 exd4 14. Na4
Qd7 15. Bxb7 Qxb5 16. Nxb6 Rab8 17. Bd5 Bxd5 18. Nxd5 Qxd5 19. Qc2 c5 20.
a4 Qb3 21. Qxb3+ Rxb3 22. Ra2 Kf7 23. Bc1 c4 24. dxc4 Rc8 25. Bd2 Bb4 26.
Rc1 Bc3 27. e3 Bxd2 28. Rxd2 Rc3 29. Rb1 dxe3 30. Rb7+ Kg6 31. fxe3 R3xc4
32. Rdd7 Rg8 33. Rd4 Rxd4 1/2-1/2

[Event "IX EICC"]
[Site "Plovdiv BUL"]
[Date "2008.04.26"]
[Round "6"]
[White "Nestorovic,N"]
[Black "Lenic,L"]
[Result "0-1"]
[WhiteElo "2381"]
[BlackElo "2584"]
[EventDate "2008.04.21"]

1. e4 e5 2. Nf3 Nc6 3. Bc4 Nf6 4. d3 Be7 5. O-O O-O 6. Re1 d6 7. a4 Na5 8.
Ba2 c5 9. Nbd2 h6 10. c3 Be6 11. Bxe6 fxe6 12. b4 cxb4 13. cxb4 Nc6 14. Qb3
Qd7 15. Nc4 Bd8 16. Bb2 Bc7 17. a5 a6 18. Bc3 Nh5 19. b5 axb5 20. Qxb5 Nf4
21. Ncd2 g5 22. Kh1 Ra7 23. Ng1 Rfa8 24. g3 Bxa5 25. Rac1 Bxc3 26. Rxc3 Ng6
27. Nc4 Rf8 28. f3 Ra2 29. Rb1 g4 30. Qb3 Rf2 31. fxg4 Nd4 32. Qd1 Qd8 33.
Ne3 R2f7 34. Qd2 Qg5 35. Qe1 h5 36. gxh5 Qxh5 37. Rbc1 Qg5 0-1

[Event "IX EICC"]
[Site "Plovdiv BUL"]
[Date "2008.04.26"]
[Round "6"]
[White "Baramidze,D"]
[Black "Saric,Iv"]
[Result "1-0"]
[WhiteElo "2583"]
[BlackElo "2500"]
[EventDate "2008.04.21"]

1. e4 c5 2. Nf3 Nc6 3. d4 cxd4 4. Nxd4 Nf6 5. Nc3 e5 6. Ndb5 d6 7. Bg5 a6
8. Na3 b5 9. Nd5 Be7 10. Bxf6 Bxf6 11. c3 Bg5 12. Nc2 Ne7 13. h4 Bh6 14. a4
bxa4 15. Ncb4 Bd7 16. Bxa6 O-O 17. Bb7 Rb8 18. Nxe7+ Qxe7 19. Bd5 Kh8 20.
g3 Bb5 21. Rxa4 f5 22. Ra2 fxe4 23. Bxe4 d5 24. Nxd5 Qc5 25. b3 Ra8 26. Rc2
Bd3 27. Bxd3 Qxd5 28. O-O Rad8 29. Be2 Qe6 30. Bc4 Qg6 31. Qb1 Rf3 32. Re2
Qg4 33. Qe4 Bf4 34. Be6 Qh5 35. gxf4 Rxf4 36. Qxe5 Rg4+ 37. Bxg4 Qxg4+ 38.
Kh1 Qh3+ 39. Kg1 Qg4+ 40. Qg3 Qxe2 41. Ra1 Rf8 42. Ra7 g6 43. Rd7 Qe1+ 44.
Kg2 Qe4+ 45. f3 Qc2+ 46. Qf2 Qxc3 47. Qd4+ Qxd4 48. Rxd4 Rb8 49. b4 Kg7 50.
Kf2 Kf6 51. Ke3 h5 52. Kd3 g5 53. hxg5+ Kxg5 54. Rd5+ Kh4 55. b5 Rh8 56.
Ke3 Re8+ 57. Kf2 Rb8 58. Ke3 Re8+ 59. Kf4 Rf8+ 60. Rf5 Rb8 61. Re5 Rf8+ 62.
Ke3 Ra8 63. Kd4 Rh8 64. b6 Kg3 65. Ke3 Kg2 66. b7 h4 67. Rb5 Rb8 68. Kf4 h3
69. Rb2+ Kg1 70. Kg3 1-0

[Event "IX EICC"]
[Site "Plovdiv BUL"]
[Date "2008.04.26"]
[Round "6"]
[White "Aleksandrov,A"]
[Black "Vasilev,M"]
[Result "1-0"]
[WhiteElo "2582"]
[BlackElo "2469"]
[EventDate "2008.04.21"]

1. d4 d5 2. c4 c6 3. Nf3 Nf6 4. e3 g6 5. b4 Bg7 6. Ba3 O-O 7. Nbd2 Bg4 8.
Rc1 Nbd7 9. Be2 Ne4 10. Nb3 dxc4 11. Na5 b5 12. Nxc6 Qe8 13. h3 Nb6 14.
hxg4 Qxc6 15. O-O Nd5 16. Ne5 Bxe5 17. dxe5 Ndc3 18. Qe1 Nxe2+ 19. Qxe2 Qa6
20. Bb2 Qxa2 21. Ra1 Qb3 22. Bd4 Qxb4 23. Rfb1 Qd2 24. Qxd2 Nxd2 25. Rxb5
a6 26. Rb7 Nb3 27. Ra2 e6 28. Bb2 Rfd8 29. Ba3 Rd1+ 30. Kh2 Rc8 31. Rc2 Rd3
32. Rxc4 Rcd8 33. Bb4 R3d5 34. Rcc7 Rb5 35. Rxf7 Rxb4 36. Rg7+ Kf8 37. Rxb4
Kxg7 38. Rxb3 Ra8 39. Rb7+ Kg8 40. Rb4 a5 41. Ra4 Kf7 42. Kg3 Ke7 43. Kf4
Kd7 44. Kg5 Kc6 45. f4 Kb5 46. Ra1 Kc4 47. Kf6 Ra6 48. f5 exf5+ 49. e6 fxg4
50. Kf7 Kd3 51. e7 Ra7 52. Kf6 1-0

[Event "IX EICC"]
[Site "Plovdiv BUL"]
[Date "2008.04.26"]
[Round "6"]
[White "Mladenov,P"]
[Black "Vajda,L"]
[Result "0-1"]
[WhiteElo "2371"]
[BlackElo "2582"]
[EventDate "2008.04.21"]

1. d4 c5 2. e3 Nf6 3. Nf3 e6 4. b3 b6 5. Bb2 Be7 6. Be2 O-O 7. O-O Bb7 8.
c4 d5 9. Nc3 Nbd7 10. cxd5 exd5 11. Rc1 a6 12. Na4 c4 13. bxc4 dxc4 14. d5
Bxd5 15. Nc3 Be6 16. Nd4 Qc7 17. Bf3 Rac8 18. Nxe6 fxe6 19. Qa4 Nb8 20. Ne4
b5 21. Qc2 Nd5 22. Bg4 Qc6 23. a3 Nd7 24. Rfd1 N7b6 25. Nc3 Nf6 26. Bf3 Qc7
27. Ne4 Na4 28. Ng5 c3 29. Nxe6 Qc4 30. Nxf8 Kxf8 31. Ba1 Bxa3 32. Bb7 Rc7
33. Bxa6 Bxc1 34. Qxc1 c2 35. Re1 Nc3 36. Qa3+ b4 0-1

[Event "IX EICC"]
[Site "Plovdiv BUL"]
[Date "2008.04.26"]
[Round "6"]
[White "Maletin,P"]
[Black "Kapnisis,S"]
[Result "1-0"]
[WhiteElo "2574"]
[BlackElo "2412"]
[EventDate "2008.04.21"]

1. Nf3 Nf6 2. c4 c6 3. g3 d5 4. Bg2 g6 5. d4 Bg7 6. Qb3 Qb6 7. Nc3 O-O 8.
O-O Rd8 9. Bf4 dxc4 10. Qxc4 Be6 11. Qd3 Na6 12. Qd2 c5 13. Be5 cxd4 14.
Bxd4 Qa5 15. Rfd1 h6 16. Qf4 Nb4 17. Bxf6 exf6 18. Nd4 Nd5 19. Bxd5 Bxd5
20. Nf5 Be6 21. Nxh6+ Kh7 22. Ng4 f5 23. Qg5 Rxd1+ 24. Rxd1 Bxc3 25. bxc3
Qxc3 26. Nf6+ Kg7 27. Nh5+ Kh7 28. Nf4 Qe5 29. h4 Re8 30. h5 Qg7 31. Rd6
gxh5 32. Nxe6 Rxe6 33. Qxh5+ Rh6 34. Qxf5+ Rg6 35. Rd7 Kg8 36. Qd5 Qf6 37.
Rxb7 Rg5 38. Qc4 Kg7 39. a4 Rf5 40. Qg4+ Rg5 41. Qh4 Qd8 42. Qf4 Qd1+ 43.
Kg2 Qd5+ 44. Qf3 1-0

[Event "IX EICC"]
[Site "Plovdiv BUL"]
[Date "2008.04.26"]
[Round "6"]
[White "Banikas,H"]
[Black "Nikolov,M"]
[Result "1/2-1/2"]
[WhiteElo "2600"]
[BlackElo "2488"]
[EventDate "2008.04.21"]

1. d4 Nf6 2. c4 e6 3. Nc3 Bb4 4. Qc2 c5 5. dxc5 O-O 6. a3 Bxc5 7. Nf3 b6 8.
Bf4 Bb7 9. Rd1 Nc6 10. e3 Nh5 11. Bg5 Be7 12. Bxe7 Qxe7 13. Nb5 Nf6 14. Nd6
Rab8 15. Be2 Ne8 16. Nxb7 Rxb7 17. O-O Nf6 18. Nd4 Nxd4 19. Rxd4 Rc8 20.
Qb1 Rbc7 21. Rfd1 h6 22. h3 Nh7 23. Qd3 Rd8 24. Qb3 f5 25. e4 fxe4 26. Rxe4
Nf6 27. Red4 Kh8 28. Qe3 Rdc8 29. Rd6 Rc6 30. R6d2 Qc5 31. Rd4 a5 32. Kh1
e5 33. R4d3 a4 34. Kg1 Qxe3 35. Rxe3 Rc5 36. Re1 Ra8 37. Bf1 Raa5 38. Rd1
Rc6 39. Rde1 Rcc5 40. Rd1 Rc6 41. Bd3 Kg8 42. Rde1 Rcc5 43. Bg6 Kf8 44. f4
d6 45. fxe5 dxe5 46. Bd3 Kf7 47. R1e2 Ke6 48. g4 Ra8 49. Kg2 Kd6 50. Bg6
Raa5 51. Rd2+ Kc7 52. Rc3 b5 53. Rdc2 Kd6 54. Rd2+ Ke7 55. Rdc2 Kd6 56.
Rd2+ Ke7 57. Rdc2 Kd6 1/2-1/2

[Event "IX EICC"]
[Site "Plovdiv BUL"]
[Date "2008.04.26"]
[Round "6"]
[White "Kozul,Z"]
[Black "Vavrak,P"]
[Result "1-0"]
[WhiteElo "2583"]
[BlackElo "2466"]
[EventDate "2008.04.21"]

1. d4 Nf6 2. c4 e6 3. Nf3 d5 4. g3 Bb4+ 5. Bd2 Be7 6. Qc2 c6 7. Bg2 O-O 8.
O-O b6 9. b3 Ba6 10. Rd1 Nbd7 11. a4 Ne4 12. Be1 f5 13. Na3 Rc8 14. b4 dxc4
15. Nxc4 Ndf6 16. Nfe5 Bb7 17. a5 Qc7 18. Rdc1 c5 19. axb6 axb6 20. bxc5
bxc5 21. Ba5 Qb8 22. Nb6 Rcd8 23. Qa2 Rd6 24. f3 Ng5 25. dxc5 Rxb6 26. Bxb6
Qxe5 27. c6 Bc8 28. f4 Qb5 29. Rab1 Bb4 30. Rxb4 Qxb4 31. Bc5 Qb5 32. fxg5
1-0

[Event "IX EICC"]
[Site "Plovdiv BUL"]
[Date "2008.04.26"]
[Round "6"]
[White "Mastrovasilis,D"]
[Black "Khmelniker,I"]
[Result "1-0"]
[WhiteElo "2580"]
[BlackElo "2459"]
[EventDate "2008.04.21"]

1. e4 e5 2. Nf3 Nc6 3. Bb5 a6 4. Ba4 g6 5. c3 d6 6. d4 Bd7 7. O-O Bg7 8. d5
Nce7 9. c4 h6 10. Nc3 f5 11. exf5 gxf5 12. Nh4 Nf6 13. f4 e4 14. Bxd7+ Qxd7
15. Be3 O-O 16. h3 c5 17. dxc6 bxc6 18. Rf2 Qe6 19. Rd2 Rfd8 20. Rc1 Rab8
21. Ne2 Ne8 22. Nd4 Qf6 23. Qh5 Qf7 24. Qxf7+ Kxf7 25. Ndxf5 Bxb2 26. Nxh6+
Ke6 27. Rcd1 Bf6 28. f5+ Kd7 29. Ng6 Nxg6 30. fxg6 Ke6 31. Nf7 Rd7 32. Bf4
Kf5 33. Bxd6 e3 34. Rd3 e2 35. Re1 Rb2 36. Rf3+ Ke4 37. Bc5 Bh4 38. Re3+
Kf4 39. Rf3+ Ke4 40. Bf2 Rd1 41. Bxh4 Rbb1 42. Ng5+ 1-0

[Event "IX EICC"]
[Site "Plovdiv BUL"]
[Date "2008.04.26"]
[Round "6"]
[White "Grigorov,G"]
[Black "Minasian,Art"]
[Result "1/2-1/2"]
[WhiteElo "2456"]
[BlackElo "2574"]
[EventDate "2008.04.21"]

1. d4 g6 2. c4 Bg7 3. e4 c5 4. d5 d6 5. Nc3 Nf6 6. Bd3 O-O 7. h3 a6 8. a4
b6 9. Nf3 Ra7 10. Bg5 h6 11. Be3 e6 12. Qd2 Kh7 13. Rd1 exd5 14. exd5 Re7
15. O-O Nh5 16. g4 Nf6 17. Bf4 Rfe8 18. Rde1 Rxe1 19. Rxe1 Rxe1+ 20. Qxe1
Ne8 21. Qe3 Nd7 22. Kg2 Ndf6 23. Ne2 b5 24. axb5 axb5 25. b3 bxc4 26. bxc4
Ng8 27. Ng3 Kh8 28. Ne4 Bf8 29. Qd2 1/2-1/2

[Event "IX EICC"]
[Site "Plovdiv BUL"]
[Date "2008.04.26"]
[Round "6"]
[White "Ter Sahakyan,S"]
[Black "Meier,Geo"]
[Result "1/2-1/2"]
[WhiteElo "2449"]
[BlackElo "2560"]
[EventDate "2008.04.21"]

1. e4 e6 2. d4 d5 3. Nd2 c5 4. exd5 Qxd5 5. Ngf3 cxd4 6. Bc4 Qd6 7. O-O Nf6
8. Nb3 Nc6 9. Nbxd4 Nxd4 10. Nxd4 a6 11. c3 Qc7 12. Bb3 Bd6 13. h3 Bd7 14.
Qf3 Be5 15. Be3 O-O 16. Rad1 Rfd8 17. Rd2 Be8 18. Rfd1 Rd6 19. Bf4 Bxf4 20.
Qxf4 Qc5 21. Nxe6 Rxe6 22. Bxe6 fxe6 23. Rd6 Kf7 24. Re1 e5 25. Qxe5 Qxe5
26. Rxe5 Bc6 27. f3 a5 28. Kf2 a4 29. Rd4 Ra6 30. g4 Rb6 31. Rb4 Rxb4 32.
cxb4 h6 33. h4 Nd7 34. Re1 Kf6 35. f4 g6 36. Kg3 h5 37. g5+ Kf7 38. Re3 Nb6
39. Rd3 Ke6 40. Rd8 Nc4 41. Rf8 Be4 42. Re8+ Kd5 43. Rd8+ Nd6 44. Kf2
1/2-1/2

[Event "IX EICC"]
[Site "Plovdiv BUL"]
[Date "2008.04.26"]
[Round "6"]
[White "Zherebukh,Y"]
[Black "Shomoev,A"]
[Result "1/2-1/2"]
[WhiteElo "2446"]
[BlackElo "2559"]
[EventDate "2008.04.21"]

1. e4 c5 2. Nf3 d6 3. d4 cxd4 4. Nxd4 Nf6 5. Nc3 a6 6. Be2 e6 7. O-O Be7 8.
Be3 O-O 9. f4 Qc7 10. Kh1 b5 11. a3 Bb7 12. Bd3 Nbd7 13. Qe1 Nc5 14. Bg1 g6
15. b4 Nxd3 16. cxd3 Rfe8 17. Nb3 Rac8 18. Rc1 Qd7 19. Qe2 Nh5 20. d4 Rc7
21. Be3 Rxc3 22. Rxc3 Bxe4 23. Nd2 Bb7 24. Rcc1 Rc8 25. Nb3 Bd5 26. Na5 Bd8
27. Rxc8 Qxc8 28. Rc1 Qa8 29. Qc2 Kg7 30. Nc6 Bb6 31. Kg1 Nf6 32. Bf2 Ng4
33. h3 Nxf2 34. Kxf2 Bc4 35. Qe4 f5 36. Qf3 e5 37. Kg3 exf4+ 38. Kh2 Qe8
39. Ne5 Bxd4 40. Nxc4 bxc4 41. Rxc4 Qe3 42. Qd1 Qg3+ 43. Kh1 Be5 44. Rc7+
Kf6 45. Rc2 Qxa3 46. Rf2 Qxb4 47. Rf3 g5 48. Rf1 Qb5 49. Re1 Kg6 50. Qc2
Qb4 51. Rf1 f3 52. g4 Qf4 53. Qxf5+ Qxf5 54. gxf5+ Kxf5 55. Rxf3+ Ke4 56.
Ra3 d5 57. Kg2 h5 58. Rxa6 g4 59. Rh6 g3 60. Rxh5 Bf4 61. Rh7 d4 62. h4 d3
63. Rd7 Be5 64. h5 1/2-1/2

[Event "IX EICC"]
[Site "Plovdiv BUL"]
[Date "2008.04.26"]
[Round "6"]
[White "Jenni,F"]
[Black "Collas,D"]
[Result "1/2-1/2"]
[WhiteElo "2550"]
[BlackElo "2446"]
[EventDate "2008.04.21"]

1. e4 e5 2. Nf3 Nc6 3. Bb5 Nf6 4. Nc3 Nd4 5. O-O Nxb5 6. Nxb5 c6 7. Nc3 d6
8. d4 Qc7 9. h3 Be7 10. Qd3 O-O 11. Re1 Re8 12. b3 Bf8 13. Bb2 b5 14. Nd2
Bb7 15. Ne2 g6 16. c4 bxc4 17. Qxc4 Nd7 18. Rac1 Bg7 19. Qc2 Rac8 20. Nc4
exd4 21. Bxd4 Ne5 22. Nxe5 Bxe5 23. Qd2 c5 24. Bxe5 Rxe5 25. Nc3 Qb6 26. f4
Ree8 27. Kh1 c4 28. b4 Rc7 29. f5 Kg7 30. Rcd1 Rce7 31. Qf4 Re5 32. Rf1
Bxe4 33. f6+ Kh8 34. Nxe4 Rxe4 35. Qxd6 Qxd6 36. Rxd6 h6 37. Rc6 g5 38. Rc7
Kg8 39. Rxa7 c3 40. Rc7 Rxb4 41. Rxc3 Rb2 42. a3 Kh7 43. Rg3 1/2-1/2

[Event "IX EICC"]
[Site "Plovdiv BUL"]
[Date "2008.04.26"]
[Round "6"]
[White "Djukic,Ni"]
[Black "Butnorius,A"]
[Result "1/2-1/2"]
[WhiteElo "2543"]
[BlackElo "2442"]
[EventDate "2008.04.21"]

1. e4 e5 2. Nf3 Nc6 3. Bb5 a6 4. Ba4 Nf6 5. O-O Be7 6. Re1 b5 7. Bb3 d6 8.
c3 O-O 9. h3 Nb8 10. d4 Nbd7 11. Nbd2 Bb7 12. Bc2 Re8 13. a4 Bf8 14. Bd3 d5
15. axb5 dxe4 16. Nxe4 Bxe4 17. Bxe4 Nxe4 18. Rxe4 axb5 19. Bg5 f6 20. Be3
Rxa1 21. Qxa1 Qa8 22. Qxa8 Rxa8 23. dxe5 Ra1+ 24. Kh2 fxe5 25. Bg5 Bd6 26.
g3 h6 27. Bd2 Ra2 28. Bc1 Nc5 29. Re2 Nd3 30. Be3 Rxb2 31. Rxb2 Nxb2 32.
Nd2 Kf7 33. Kg2 Ke6 34. Kf3 Kd5 35. Ke2 Na4 36. Kd3 e4+ 37. Kc2 Be5 38. Nb1
c5 39. Kb3 c4+ 40. Kc2 Bd6 41. Nd2 Nc5 42. Bd4 Ne6 43. Be3 h5 44. Nf1 g6
45. Ba7 Bc5 46. Ne3+ Bxe3 47. Bxe3 Ng7 48. Kd2 Nf5 49. Bg5 Nd6 50. Bf6 Nc8
51. Ke3 Nb6 52. Kf4 Nd7 53. Be7 Ne5 54. Ba3 Nd3+ 55. Ke3 Ne5 56. Be7 Nf3
57. g4 hxg4 58. hxg4 Ne5 59. Kf4 Nd3+ 60. Ke3 Ne5 61. Kf4 1/2-1/2

[Event "IX EICC"]
[Site "Plovdiv BUL"]
[Date "2008.04.26"]
[Round "6"]
[White "Schroll,G"]
[Black "Blagojevic,Dr"]
[Result "1/2-1/2"]
[WhiteElo "2410"]
[BlackElo "2532"]
[EventDate "2008.04.21"]

1. e4 e5 2. Nf3 Nc6 3. Bb5 a6 4. Bxc6 dxc6 5. O-O Qd6 6. Na3 b5 7. c3 c5 8.
Nc2 Ne7 9. a4 Bb7 10. axb5 axb5 11. Rxa8+ Bxa8 12. d4 cxd4 13. cxd4 Bxe4
14. Nxe5 f6 15. Nd3 Bxd3 16. Qxd3 c6 17. Bd2 Nd5 18. Ra1 Kf7 19. Ra8 g6 20.
Ne3 Rg8 21. Nxd5 Qxd5 22. Ra7+ Be7 23. Bb4 Re8 24. Qe3 Qe6 25. Rc7 f5 26.
Qh6 Kg8 27. g3 Qe4 28. h4 Ra8 1/2-1/2

[Event "IX EICC"]
[Site "Plovdiv BUL"]
[Date "2008.04.26"]
[Round "6"]
[White "Jianu,V"]
[Black "Lomsadze,D"]
[Result "1-0"]
[WhiteElo "2531"]
[BlackElo "2394"]
[EventDate "2008.04.21"]

1. d4 Nf6 2. c4 c5 3. d5 e5 4. Nc3 d6 5. e4 Nbd7 6. g3 a6 7. a4 g6 8. Bg2
Bg7 9. h4 h5 10. Nh3 O-O 11. Qe2 Rb8 12. Ra3 Nh7 13. O-O Ndf6 14. Bd2 Ng4
15. a5 f5 16. exf5 gxf5 17. Rb1 b6 18. b4 bxa5 19. bxc5 Rxb1+ 20. Nxb1 dxc5
21. Bxa5 Qd6 22. Rb3 e4 23. Rb6 Qd7 24. Nf4 Bd4 25. Be1 Rf6 26. Rb3 Qc7 27.
Nc3 Nf8 28. Nd1 Ng6 29. Nxh5 Rf8 30. Bd2 N6e5 31. Nf4 Bd7 32. Ne3 Rb8 33.
Ba5 Qd6 34. Qc2 Nxf2 35. Ne2 Ba4 36. Nxd4 Nh3+ 37. Bxh3 cxd4 38. Rxb8+ Qxb8
39. Qxa4 dxe3 40. Bc3 Nf3+ 41. Kg2 e2 42. Qd7 e1=N+ 43. Kf1 Nh2+ 44. Ke2
1-0

[Event "IX EICC"]
[Site "Plovdiv BUL"]
[Date "2008.04.26"]
[Round "6"]
[White "Braun,A"]
[Black "Popovic,Milo2"]
[Result "1-0"]
[WhiteElo "2529"]
[BlackElo "2387"]
[EventDate "2008.04.21"]

1. d4 Nf6 2. Nf3 e6 3. c4 b6 4. g3 Bb7 5. Bg2 c5 6. O-O cxd4 7. Qxd4 d6 8.
Nc3 Be7 9. Bg5 a6 10. Bxf6 Bxf6 11. Qf4 O-O 12. Rfd1 Be7 13. Ne4 Bxe4 14.
Qxe4 Ra7 15. Nd4 Re8 16. e3 Bf8 17. b3 Qc8 18. a4 Qc5 19. Ra2 Nd7 20. Nc6
Rc7 21. b4 Qg5 22. a5 Rec8 23. h4 Qf6 24. b5 axb5 25. cxb5 bxa5 26. Rxa5 d5
27. Qb1 g6 28. Ra6 Nc5 29. Ra7 Rxa7 30. Nxa7 Rc7 31. Nc6 Rb7 32. Rc1 h5 33.
Rc2 Kg7 34. Ra2 Qc3 35. Bf1 Ne4 36. Rc2 Qf6 37. Qa2 Bd6 38. Qa8 Rb6 39. Qa7
Bxg3 40. fxg3 Nxg3 41. Rf2 Qxh4 42. Qxf7+ Kh6 43. Qf8+ 1-0

[Event "IX EICC"]
[Site "Plovdiv BUL"]
[Date "2008.04.26"]
[Round "6"]
[White "Mastrovasilis,A"]
[Black "Macak,S"]
[Result "1/2-1/2"]
[WhiteElo "2524"]
[BlackElo "2342"]
[EventDate "2008.04.21"]

1. d4 Nf6 2. c4 e6 3. Nc3 Bb4 4. e3 c5 5. Bd3 O-O 6. Nf3 d5 7. O-O Nc6 8.
a3 Ba5 9. Ne2 dxc4 10. Bxc4 cxd4 11. exd4 Ne7 12. Bg5 Ned5 13. Rc1 Qd6 14.
Qd3 a6 15. Ne5 b5 16. Bxd5 Nxd5 17. Qg3 Bd8 18. Rc6 Qb8 19. Bh6 Bf6 20. Nc3
Nxc3 21. Rxc3 Kh8 22. Bf4 Qb6 23. Rfc1 Kg8 24. Ng4 Bxd4 25. Rc6 Qa5 26. b4
Qa4 27. Nh6+ Kh8 28. Nxf7+ Rxf7 29. Rxc8+ Rf8 30. R8c7 Rad8 31. h3 a5 32.
Kh2 axb4 33. Be5 Bxe5 34. Qxe5 Rg8 35. axb4 Qxb4 36. R1c5 Rd5 37. Rxd5 exd5
38. Rxg7 Rxg7 39. Qb8+ Rg8 40. Qe5+ Rg7 41. Qe8+ Rg8 42. Qe5+ Rg7 43. Qb8+
Rg8 44. Qe5+ 1/2-1/2